|
|
|
|
| LEADER |
00000nam a2200000 4500 |
| 005 |
20120703184118.0 |
| 007 |
cr|||| |||| |
| 008 |
030120s2002 sp 000 0 spa c |
| 017 |
|
|
|a D.L.B.41327-2002
|
| 020 |
|
|
|a 84-932264-5-9
|
| 035 |
|
|
|a 6517
|
| 040 |
|
|
|a BUS
|d vLex
|
| 080 |
|
|
|a 331.106.25(460)
|
| 090 |
|
|
|c 3260
|d 3260
|
| 100 |
1 |
|
|a Benito ℓlvarez, Carlos de.
|
| 245 |
1 |
0 |
|a Manual estratǧico de negociacin̤ laboral
|h [Recurso electrn̤ico] /
|c Carlos de Benito ℓlvarez.
|
| 256 |
|
|
|a Servicio en ln̕ea
|
| 260 |
|
|
|a Barcelona :
|b Experiencia,
|c 2002.
|
| 300 |
|
|
|a 1 recurso electrn̤ico
|
| 506 |
1 |
|
|a Contenido solo disponible en los productos indicados
|d vLex Global
|d vLex Global (Academic Edition, excluding Law Schools)
|d vLex Global (U.S. Academic Edition, Law Schools)
|d vLex Global (U.S. Academic Edition, excluding Law Schools)
|d vLex Global (Academic Edition, Law Schools)
|
| 650 |
0 |
4 |
|a Negociacin̤ colectiva
|z Espaą
|
| 740 |
0 |
|
|a vLex Libros (Servicio en ln̕ea)
|
| 856 |
4 |
0 |
|u http://vlex.com/source/manual-estrategico-negociacion-laboral-6517
|z Acceso restringido
|
| 942 |
|
|
|c BOOK
|
| 999 |
0 |
|
|a Syndicalism
|